Statistics for Biggest cities in the Americas

Click here to take the quiz!

General Stats

  • This quiz has been taken 14 times
  • The average score is 13 of 23

Answer Stats

Answer% Correct
3,792,621Los Angeles
100%
8,851,080Mexico City
100%
8,175,133New York City
100%
2,695,598Chicago
88%
2,135,498Havana
88%
7,613,303Bogotá
75%
1,943,901Caracas
75%
2,099,451Houston
75%
7,605,742Lima
75%
6,355,949Rio de Janeiro
75%
2,791,140Toronto
75%
2,891,082Buenos Aires
63%
5,084,038Santiago
63%
11,316,149São Paulo
63%
2,609,997Brasília
50%
2,693,605Salvador
38%
2,169,300Santo Domingo
38%
2,385,639Belo Horizonte
25%
1,832,423Manaus
25%
2,343,049Medellín
25%
2,366,902Guayaquil
13%
2,476,589Fortaleza
0%
2,219,714Santiago de Cali
0%

Score Distribution

Percentile by Number Answered

Percent of People with Each Score

Your Score History

You have not taken this quiz